00795nam a2200145Ia 4500008004100000020001800041100001800059245011700077260003900194650001400233650026000247856005000507999001900557952007300576171212s9999 xx 000 0 und d a9780980672367 aAnderson, Kym cAnderson, KymaAustralia's Economy in its International ContextbThe Joseph Fisher Lectures, Volume I: 1904-1954 bUniversity of Adelaide Pressc2009 aEconomics aInternational economic relations -- Australia Economic conditions 20th century -- Australia Economic conditions 21st century -- Australia Economic policy 20th century -- Australia Economic policy 21st century -- Australia Foreign Economic relations -- Aus uhttp://jstor.org/stable/10.20851/j.ctt1sq5w73 c352904d352904 001040aCLbCLd2017-12-12l0r2017-12-12 00:00:00w2017-12-12yCBE